000 00553nam a2200181Ia 4500
999 _c29396
_d29396
003 OSt
005 20201215112302.0
008 190216s9999||||xx |||||||||||||| ||und||
020 _a9788126416332
040 _coclc
082 _a894.8121
_bMEN/K
100 _aMenon, Vyloppilli Sreedhara
_96757
245 0 _aKanneerppadavum Mattu Pradhana Kavithakalum /
_cVyloppilli Sreedhara Menon
260 _bD C Books,
_aKottayam:
_c2007.
300 _a182p
650 _aKavithkal
942 _cBK
_2ddc
_h894.8121
_iMEN/K
_k894.8121
_mMEN/K